| 000 | 00938nam a2200265Ia 4500 | ||
|---|---|---|---|
| 003 | OSt | ||
| 005 | 20220923212542.0 | ||
| 006 | a|||||r|||| 00| 0 | ||
| 007 | ta | ||
| 008 | 220922b |||||||| |||| 00| 0 hin d | ||
| 024 | _a153,978 | ||
| 037 | _cTextual | ||
| 040 |
_aARTS _cARTS _bhin |
||
| 041 |
_2hin _ahin |
||
| 082 | _aO152vN5, K2;L7 | ||
| 100 |
_aवाजपेयी, नन्ददुलारे _9156285 |
||
| 245 | 0 |
_aहिन्दी साहित्य _b बीसवी शताब्दी |
|
| 246 | _aHindī sāhitya: bīsavī shatābdī | ||
| 250 | _aसंस्क 2 | ||
| 260 |
_aइलाहाबाद _b लोकभारती प्रकाशन _c1977 |
||
| 300 |
_a272 i0` _ccm. |
||
| 650 |
_aहिन्दी साहित्य _9156264 |
||
| 942 |
_hO152vN5, K2;L7 _cTEXL _2CC |
||
| 999 |
_c309606 _d309606 |
||